[Event "2. Open Sub 2200 Rutas de Cuenca 2015"]
[Site "Cuenca ESP"]
[Date "2015.06.20"]
[Round "3.10"]
[White "Nadal Fajardo, Ricard"]
[Black "Suarez Triguero, Jose Alfonso"]
[Result "1/2-1/2"]
[WhiteElo "1912"]
[BlackElo "2082"]
[PlyCount "61"]
[EventDate "2015.06.19"]
[EventType "swiss"]
[EventRounds "7"]
[EventCountry "ESP"]
[Source "lmi"]
[SourceDate "2015.06.19"]

1. e4 e6 2. d4 d5 3. exd5 exd5 4. Bd3 Bd6 5. Ne2 Ne7 6. Bf4 Bf5 7. O-O O-O 8.
Nbc3 c6 9. Qd2 Bxd3 10. Qxd3 Ng6 11. Bxd6 Qxd6 12. Qg3 Qf6 13. Qc7 Qe7 14. Qxe7
Nxe7 15. Ng3 Na6 16. Rfe1 Rfe8 17. Re2 Nc7 18. Rae1 Ne6 19. Nb1 Kf8 20. c3 Nf4
21. Re3 h5 22. Kf1 g5 23. Ne2 Neg6 24. Nc1 g4 25. Nd2 f5 26. g3 Nh3 27. f4 Rxe3
28. Rxe3 Kf7 29. Nd3 Re8 30. Rxe8 Kxe8 31. Kg2 1/2-1/2

[Event "2. Open Sub 2200 Rutas de Cuenca 2015"]
[Site "Cuenca ESP"]
[Date "2015.06.20"]
[Round "3.11"]
[White "Ruiz Bellon, Manuel"]
[Black "Monmeneu Chulia, Victor"]
[Result "1/2-1/2"]
[WhiteElo "1866"]
[BlackElo "2068"]
[PlyCount "72"]
[EventDate "2015.06.19"]
[EventType "swiss"]
[EventRounds "7"]
[EventCountry "ESP"]
[Source "lmi"]
[SourceDate "2015.06.19"]

1. e4 e5 2. Nf3 d6 3. d4 Nd7 4. Bc4 c6 5. dxe5 dxe5 6. a4 Be7 7. c3 Ngf6 8. Qc2
a5 9. O-O O-O 10. h3 Qc7 11. Re1 Nc5 12. Nbd2 h6 13. Bf1 Re8 14. Nb3 Ne6 15.
Be3 b6 16. Rad1 Bb7 17. Nh4 c5 18. Bc1 Bc6 19. Nf5 Bxa4 20. Nxe7+ Rxe7 21. Bc4
Rd8 22. Rxd8+ Qxd8 23. Qe2 Qe8 24. Nd2 Bc6 25. Nf3 Nc7 26. Bd3 Bb5 27. Nh4 Bd7
28. Qf3 Nh7 29. Qg3 Kf8 30. Qf3 Re6 31. Qg3 Rf6 32. f4 g5 33. fxg5 hxg5 34. Nf5
Rg6 35. Be2 Nf6 36. Bf3 Qe6 1/2-1/2

[Event "2. Open Sub 2200 Rutas de Cuenca 2015"]
[Site "Cuenca ESP"]
[Date "2015.06.20"]
[Round "3.12"]
[White "Garcia Gata, Jorge D"]
[Black "Trabazos Gallego, Javier"]
[Result "1-0"]
[WhiteElo "2054"]
[BlackElo "1923"]
[PlyCount "69"]
[EventDate "2015.06.19"]
[EventType "swiss"]
[EventRounds "7"]
[EventCountry "ESP"]
[Source "lmi"]
[SourceDate "2015.06.19"]

1. d4 d6 2. c4 f5 3. Nc3 Nf6 4. g3 g6 5. Bg2 Bg7 6. Nh3 O-O 7. Bg5 h6 8. Bxf6
Bxf6 9. Nf4 g5 10. Bd5+ Kh8 11. Ng6+ Kg7 12. Nxf8 Qxf8 13. h4 g4 14. Qd2 c6 15.
Bg2 Be6 16. d5 cxd5 17. cxd5 Bf7 18. O-O Nd7 19. Rac1 Ne5 20. Nb5 Ng6 21. Nc7
Rc8 22. Ne6+ Bxe6 23. dxe6 h5 24. Bd5 Rc5 25. Rxc5 dxc5 26. Qc2 Be5 27. Qxc5
Qf6 28. Bxb7 f4 29. Kg2 Qxe6 30. Be4 Nf8 31. Qd5 Qf6 32. Rc1 Bd6 33. Qxh5 Qe6
34. Qg5+ Kh8 35. Qf5 1-0

[Event "2. Open Sub 2200 Rutas de Cuenca 2015"]
[Site "Cuenca ESP"]
[Date "2015.06.20"]
[Round "3.13"]
[White "Castillo Serrano, Jose"]
[Black "Jordan Martinez, David"]
[Result "0-1"]
[WhiteElo "1796"]
[BlackElo "2131"]
[PlyCount "66"]
[EventDate "2015.06.19"]
[EventType "swiss"]
[EventRounds "7"]
[EventCountry "ESP"]
[Source "lmi"]
[SourceDate "2015.06.19"]

1. d4 Nf6 2. c4 e6 3. Nc3 Bb4 4. Bd2 b6 5. Qc2 Bb7 6. f3 c5 7. dxc5 Bxc5 8. e3
Nc6 9. a3 Rc8 10. Nh3 O-O 11. Bd3 Ne5 12. Nf2 d5 13. Be2 Nxc4 14. Bxc4 dxc4 15.
Nce4 Be7 16. Nxf6+ Bxf6 17. O-O Qc7 18. Ng4 Be7 19. Bc3 Rfd8 20. Rad1 b5 21.
Rxd8+ Rxd8 22. Rd1 Bc5 23. Bd4 Bxd4 24. exd4 Qf4 25. Qc3 Qd6 26. Ne5 f6 27. Ng4
e5 28. d5 Qc5+ 29. Kf1 Rxd5 30. Rxd5 Qxd5 31. Qa5 a6 32. Qb6 Qd1+ 33. Kf2 Qd4+
0-1

[Event "2. Open Sub 2200 Rutas de Cuenca 2015"]
[Site "Cuenca ESP"]
[Date "2015.06.20"]
[Round "3.15"]
[White "Garcia Galeote, Lorenzo"]
[Black "Martinez Anton, Felix"]
[Result "0-1"]
[WhiteElo "1993"]
[BlackElo "1795"]
[PlyCount "84"]
[EventDate "2015.06.19"]
[EventType "swiss"]
[EventRounds "7"]
[EventCountry "ESP"]
[Source "lmi"]
[SourceDate "2015.06.19"]

1. d4 Nf6 2. c4 g6 3. Nc3 Bg7 4. e4 d6 5. Nge2 O-O 6. Ng3 Nc6 7. d5 Nb8 8. Bd3
e5 9. dxe6 Bxe6 10. O-O Nc6 11. h3 Nd7 12. Be3 Nce5 13. b3 Nxc4 14. Bxc4 Bxc4
15. bxc4 Bxc3 16. Rc1 Bg7 17. Qd2 b6 18. f4 a5 19. Rfd1 Nc5 20. Bd4 Bxd4+ 21.
Qxd4 Ne6 22. Qf2 Qf6 23. Ne2 Rfe8 24. Qf3 Rad8 25. Rd5 Qb2 26. Rf1 Ng7 27. Nc3
f5 28. Qe3 fxe4 29. g4 c6 30. Rd4 Qa3 31. Rb1 d5 32. Rb3 Qc5 33. Na4 Qe7 34.
cxd5 Rxd5 35. Rxd5 cxd5 36. Nxb6 Rb8 37. Rd3 Qf6 38. Rb3 Qa1+ 39. Kg2 Qxa2+ 40.
Kg3 d4 41. Ra3 Qb1 42. Rb3 Qd1 0-1

[Event "2. Open Sub 2200 Rutas de Cuenca 2015"]
[Site "Cuenca ESP"]
[Date "2015.06.20"]
[Round "4.1"]
[White "Prieto Aranguren, Alain"]
[Black "Jimenez Almeida, Luis David"]
[Result "1/2-1/2"]
[WhiteElo "2167"]
[BlackElo "2185"]
[PlyCount "21"]
[EventDate "2015.06.19"]
[EventType "swiss"]
[EventRounds "7"]
[EventCountry "ESP"]
[Source "lmi"]
[SourceDate "2015.06.19"]

1. e4 e5 2. Nf3 Nc6 3. Bb5 Nf6 4. O-O Nxe4 5. d4 Nd6 6. Bxc6 dxc6 7. dxe5 Nf5
8. Qxd8+ Kxd8 9. h3 h6 10. b3 Ne7 11. Bb2 1/2-1/2

[Event "2. Open Sub 2200 Rutas de Cuenca 2015"]
[Site "Cuenca ESP"]
[Date "2015.06.20"]
[Round "4.2"]
[White "Garcia Amoros, Pablo"]
[Black "Aziz Ortego, Omar Luis"]
[Result "0-1"]
[WhiteElo "2169"]
[BlackElo "2121"]
[PlyCount "137"]
[EventDate "2015.06.19"]
[EventType "swiss"]
[EventRounds "7"]
[EventCountry "ESP"]
[Source "lmi"]
[SourceDate "2015.06.19"]

1. e4 c5 2. Nf3 g6 3. d4 cxd4 4. Qxd4 Nf6 5. c4 Nc6 6. Qe3 Bg7 7. Nc3 d6 8. h3
O-O 9. Be2 h6 10. O-O Be6 11. Bd2 Nd7 12. Rab1 a5 13. b3 Nc5 14. Nb5 f5 15.
exf5 Bxf5 16. Rbd1 Nb4 17. Bc3 Nxa2 18. Bxg7 Kxg7 19. Nfd4 Bd7 20. Bf3 Nb4 21.
Rfe1 Rf7 22. Qc3 Kh7 23. Bg4 Bxg4 24. hxg4 Qd7 25. f3 Nc6 26. Ne2 Ne6 27. Ng3
Raf8 28. Ne4 Nf4 29. Re3 Qd8 30. g3 Ne6 31. Nexd6 exd6 32. Rxd6 Qb6 33. Rdxe6
Rxf3 34. Kg2 Rf2+ 35. Kh3 Qd8 36. Nd6 Rf1 37. Qd3 R1f6 38. c5 Qd7 39. Rxf6 Rxf6
40. Qb5 h5 41. Qxb7 Rxd6 42. Qxd7+ Rxd7 43. gxh5 Rd5 44. hxg6+ Kh6 45. Rc3 Kxg6
46. Kg4 Rd4+ 47. Kf3 Kf5 48. Ke3 Ke5 49. Rc1 Rb4 50. Rg1 Rxb3+ 51. Kd2 Kd4 52.
g4 Ne5 53. Kc2 Rc3+ 54. Kb2 Nd3+ 55. Kb1 Rxc5 56. g5 Rc7 57. Ka2 Kc4 58. Ka3
Rg7 59. g6 Nc5 60. Rg5 Kb5 61. Rg4 Kc6 62. Kb2 Kd6 63. Kc3 Ke6 64. Kc4 Nb7 65.
Rg5 Kf6 66. Rd5 Kxg6 67. Kb5 Kf6 68. Kb6 Ke6 69. Rd1 0-1

[Event "2. Open Sub 2200 Rutas de Cuenca 2015"]
[Site "Cuenca ESP"]
[Date "2015.06.20"]
[Round "4.3"]
[White "Roig Aguilar, Alejandro"]
[Black "Cebrian Flores, Juan Antonio"]
[Result "1-0"]
[WhiteElo "2199"]
[BlackElo "2005"]
[PlyCount "59"]
[EventDate "2015.06.19"]
[EventType "swiss"]
[EventRounds "7"]
[EventCountry "ESP"]
[Source "lmi"]
[SourceDate "2015.06.19"]

1. d4 g6 2. c4 Bg7 3. e4 d6 4. Nc3 Nf6 5. Nf3 O-O 6. Be2 e5 7. d5 a5 8. Bg5 h6
9. Be3 Na6 10. Nd2 Nd7 11. O-O f5 12. exf5 gxf5 13. f4 Kh8 14. Nb3 Nac5 15. Qd2
e4 16. Nd4 Nf6 17. h3 Bd7 18. Kh1 Re8 19. Rae1 c6 20. Rf2 Qe7 21. Rg1 Ng4 22.
Bxg4 fxg4 23. g3 gxh3 24. f5 Nd3 25. Rff1 Ne5 26. Bxh6 Nxc4 27. Bxg7+ Qxg7 28.
Qe2 Qxd4 29. Qh5+ Kg8 30. f6 1-0

[Event "2. Open Sub 2200 Rutas de Cuenca 2015"]
[Site "Cuenca ESP"]
[Date "2015.06.20"]
[Round "4.4"]
[White "Martin Rodriguez, Emilio"]
[Black "Serna Lara, Sergio"]
[Result "0-1"]
[WhiteElo "2118"]
[BlackElo "2166"]
[PlyCount "56"]
[EventDate "2015.06.19"]
[EventType "swiss"]
[EventRounds "7"]
[EventCountry "ESP"]
[Source "lmi"]
[SourceDate "2015.06.19"]

1. d4 e6 2. c4 Nf6 3. Nc3 Bb4 4. a3 Bxc3+ 5. bxc3 b6 6. e3 Nc6 7. Nf3 Ba6 8.
Bd3 Na5 9. Qe2 d5 10. Nd2 O-O 11. O-O c5 12. cxd5 Bxd3 13. Qxd3 exd5 14. f3 Ne8
15. e4 Nc7 16. e5 f5 17. f4 Ne6 18. g3 Qd7 19. Nf3 cxd4 20. cxd4 g6 21. Bd2 Nc4
22. Rfc1 Rfc8 23. Nh4 Rc6 24. g4 Ng7 25. gxf5 Nxf5 26. Nxf5 Qxf5 27. Qxf5 gxf5
28. Rc3 Rg6+ 0-1

[Event "2. Open Sub 2200 Rutas de Cuenca 2015"]
[Site "Cuenca ESP"]
[Date "2015.06.20"]
[Round "4.5"]
[White "Alvarez Serrano, Carlos"]
[Black "Garcia Gata, Jorge D"]
[Result "1/2-1/2"]
[WhiteElo "2004"]
[BlackElo "2054"]
[PlyCount "40"]
[EventDate "2015.06.19"]
[EventType "swiss"]
[EventRounds "7"]
[EventCountry "ESP"]
[Source "lmi"]
[SourceDate "2015.06.19"]

1. Nf3 c5 2. c4 Nf6 3. Nc3 d5 4. cxd5 Nxd5 5. g3 Nc6 6. Bg2 Nc7 7. O-O e5 8. d3
Be7 9. b3 Be6 10. Bb2 O-O 11. Rc1 f6 12. Qc2 Rc8 13. Rfd1 Nd5 14. Qb1 Qd7 15.
e3 Rfd8 16. Ne4 b6 17. d4 cxd4 18. exd4 exd4 19. Nxd4 Nxd4 20. Rxd4 Rxc1+
1/2-1/2

[Event "2. Open Sub 2200 Rutas de Cuenca 2015"]
[Site "Cuenca ESP"]
[Date "2015.06.20"]
[Round "4.6"]
[White "Sanchez Barbado, Carlos"]
[Black "Soriano Pallas, Rafael"]
[Result "1-0"]
[WhiteElo "2153"]
[BlackElo "1913"]
[PlyCount "67"]
[EventDate "2015.06.19"]
[EventType "swiss"]
[EventRounds "7"]
[EventCountry "ESP"]
[Source "lmi"]
[SourceDate "2015.06.19"]

1. e4 c6 2. d4 d5 3. exd5 cxd5 4. Bd3 Nf6 5. c3 Bg4 6. Qb3 Qc8 7. Bf4 Nbd7 8.
Nd2 e6 9. Ngf3 Be7 10. O-O O-O 11. Rae1 Re8 12. Qc2 g6 13. Ne5 Bf5 14. Bxf5
exf5 15. Bg5 Bf8 16. Nxd7 Nxd7 17. Nf3 Qc7 18. Qb3 Nb6 19. Bf6 Bd6 20. Be5 Rad8
21. Qb5 Kf8 22. Bg7+ Kxg7 23. Rxe8 Rxe8 24. Qxe8 Nd7 25. Re1 Nf6 26. Qb5 a6 27.
Qb3 h6 28. h3 b5 29. Ne5 f4 30. a4 Qb7 31. axb5 axb5 32. Ra1 Ne4 33. Nf3 g5 34.
Ra5 1-0

[Event "2. Open Sub 2200 Rutas de Cuenca 2015"]
[Site "Cuenca ESP"]
[Date "2015.06.20"]
[Round "4.7"]
[White "Jordan Martinez, David"]
[Black "Nadal Fajardo, Ricard"]
[Result "1/2-1/2"]
[WhiteElo "2131"]
[BlackElo "1912"]
[PlyCount "67"]
[EventDate "2015.06.19"]
[EventType "swiss"]
[EventRounds "7"]
[EventCountry "ESP"]
[Source "lmi"]
[SourceDate "2015.06.19"]

1. e4 c6 2. Nc3 d5 3. Nf3 g6 4. h3 Bg7 5. d4 dxe4 6. Nxe4 Nf6 7. Nxf6+ exf6 8.
Be2 O-O 9. O-O f5 10. Be3 Nd7 11. c4 Nf6 12. Qc2 Qc7 13. Rfd1 b6 14. Ne5 Nd7
15. Nd3 Bb7 16. Bf4 Qc8 17. Ne5 Nxe5 18. Bxe5 Bxe5 19. dxe5 Qc7 20. Rd6 Qe7 21.
Bf3 Qxe5 22. Rad1 Rac8 23. b4 Rc7 24. c5 bxc5 25. bxc5 Re8 26. Qc4 Kg7 27. a4
a5 28. R1d2 Qa1+ 29. Kh2 Re1 30. Rd7 Re7 31. Rxc7 Rxc7 32. Rd6 Qe5+ 33. g3 Re7
34. Kg2 1/2-1/2

[Event "2. Open Sub 2200 Rutas de Cuenca 2015"]
[Site "Cuenca ESP"]
[Date "2015.06.20"]
[Round "4.8"]
[White "Tevar Becerra, Alvaro"]
[Black "Mayer Schwartz, Rene"]
[Result "1/2-1/2"]
[WhiteElo "1870"]
[BlackElo "2090"]
[PlyCount "35"]
[EventDate "2015.06.19"]
[EventType "swiss"]
[EventRounds "7"]
[EventCountry "ESP"]
[Source "lmi"]
[SourceDate "2015.06.19"]

1. e4 e5 2. Nf3 Nc6 3. Bb5 Bc5 4. O-O Qf6 5. Nc3 Nge7 6. d3 Nd4 7. Nxd4 Bxd4 8.
Be3 c6 9. Ba4 b5 10. Bb3 a5 11. a3 d6 12. Bxd4 exd4 13. Ne2 a4 14. Ba2 Be6 15.
Bxe6 fxe6 16. Qd2 c5 17. Qf4 Qxf4 18. Nxf4 1/2-1/2

[Event "2. Open Sub 2200 Rutas de Cuenca 2015"]
[Site "Cuenca ESP"]
[Date "2015.06.20"]
[Round "4.9"]
[White "Suarez Triguero, Jose Alfonso"]
[Black "Ruiz Bellon, Manuel"]
[Result "1/2-1/2"]
[WhiteElo "2082"]
[BlackElo "1866"]
[PlyCount "47"]
[EventDate "2015.06.19"]
[EventType "swiss"]
[EventRounds "7"]
[EventCountry "ESP"]
[Source "lmi"]
[SourceDate "2015.06.19"]

1. e4 g6 2. d4 Bg7 3. Nf3 d6 4. Be2 c6 5. a4 b6 6. Nc3 Nd7 7. Bg5 Qc7 8. Qd2
Ngf6 9. h3 h6 10. Be3 a6 11. Rd1 Bb7 12. e5 dxe5 13. dxe5 Nxe5 14. Nxe5 Qxe5
15. O-O Qc7 16. a5 bxa5 17. Bf3 c5 18. Bxb7 Qxb7 19. Bxc5 O-O 20. Ba3 Rfe8 21.
Nd5 Nxd5 22. Qxd5 Qb5 23. Qd7 e6 24. c3 1/2-1/2

[Event "2. Open Sub 2200 Rutas de Cuenca 2015"]
[Site "Cuenca ESP"]
[Date "2015.06.20"]
[Round "4.10"]
[White "Monmeneu Chulia, Victor"]
[Black "Pastor Villalba, Arturo"]
[Result "1-0"]
[WhiteElo "2068"]
[BlackElo "1859"]
[PlyCount "65"]
[EventDate "2015.06.19"]
[EventType "swiss"]
[EventRounds "7"]
[EventCountry "ESP"]
[Source "lmi"]
[SourceDate "2015.06.19"]

1. e4 e6 2. Nf3 d5 3. e5 c5 4. b4 d4 5. bxc5 Bxc5 6. Bc4 Qa5 7. O-O Nc6 8. d3
Nge7 9. Bf4 Nd5 10. Bg3 Bd7 11. Ng5 Nce7 12. Nd2 Nc3 13. Qf3 O-O 14. Qh5 h6 15.
Nge4 Nxe4 16. Nxe4 Kh7 17. Bf4 Ng8 18. Ng5+ Kh8 19. Nxf7+ Kh7 20. Ng5+ Kh8 21.
g3 Rf5 22. Qh3 Qb6 23. Rab1 Qc6 24. Ne4 a6 25. Nxc5 Qxc5 26. Rxb7 Bc8 27. Rbb1
g5 28. Bd2 Rxe5 29. Rbe1 Rf5 30. f4 gxf4 31. Rxf4 Rb8 32. Rxf5 exf5 33. Re8 1-0

[Event "2. Open Sub 2200 Rutas de Cuenca 2015"]
[Site "Cuenca ESP"]
[Date "2015.06.20"]
[Round "4.11"]
[White "Molano Lafuente, Ismael"]
[Black "Garcia Estruch, Jorge"]
[Result "1-0"]
[WhiteElo "2045"]
[BlackElo "1842"]
[PlyCount "27"]
[EventDate "2015.06.19"]
[EventType "swiss"]
[EventRounds "7"]
[EventCountry "ESP"]
[Source "lmi"]
[SourceDate "2015.06.19"]

1. f4 e5 2. fxe5 d6 3. exd6 Bxd6 4. Nf3 g5 5. d4 g4 6. Ne5 Qf6 7. Nc3 Bxe5 8.
dxe5 Qxe5 9. g3 c6 10. Bf4 Qa5 11. Qd4 f6 12. O-O-O Be6 13. e4 Nd7 14. Bc4 1-0

[Event "2. Open Sub 2200 Rutas de Cuenca 2015"]
[Site "Cuenca ESP"]
[Date "2015.06.20"]
[Round "4.12"]
[White "Hernandez Recio, Roberto"]
[Black "Carruana Fuentes, Rafael"]
[Result "0-1"]
[WhiteElo "1823"]
[BlackElo "2015"]
[PlyCount "72"]
[EventDate "2015.06.19"]
[EventType "swiss"]
[EventRounds "7"]
[EventCountry "ESP"]
[Source "lmi"]
[SourceDate "2015.06.19"]

1. d4 f5 2. Bg5 g6 3. e3 Bg7 4. Bd3 Nf6 5. Nd2 d6 6. Qe2 O-O 7. h4 h6 8. Bxf6
Bxf6 9. g4 Bg7 10. Nh3 e5 11. dxe5 Bxe5 12. Nc4 Be6 13. Nxe5 dxe5 14. O-O-O Qe7
15. gxf5 Bxf5 16. Bc4+ Kh7 17. f4 Nd7 18. h5 Nf6 19. hxg6+ Kg7 20. Rdg1 Rad8
21. Ng5 exf4 22. Qh2 Qxe3+ 23. Kb1 h5 24. Bb3 Rd2 25. Rg2 Rfd8 26. Rxd2 Rxd2
27. Qh4 Qg3 28. Qxg3 fxg3 29. Kc1 Rh2 30. Re1 g2 31. Nf3 Rh1 32. Ng1 Kxg6 33.
Kd2 h4 34. Ke3 h3 35. Kf2 Be4 36. Nxh3 Rxh3 0-1

[Event "2. Open Sub 2200 Rutas de Cuenca 2015"]
[Site "Cuenca ESP"]
[Date "2015.06.20"]
[Round "4.13"]
[White "Elizondo, Marquet Juan Marcos"]
[Black "Colliga Lopez, Victor"]
[Result "1-0"]
[WhiteElo "1809"]
[BlackElo "1999"]
[PlyCount "89"]
[EventDate "2015.06.19"]
[EventType "swiss"]
[EventRounds "7"]
[EventCountry "ESP"]
[Source "lmi"]
[SourceDate "2015.06.19"]

1. e4 c5 2. Nf3 d6 3. d4 cxd4 4. Nxd4 Nf6 5. Nc3 a6 6. Bg5 e6 7. Qe2 Be7 8. h4
Qb6 9. O-O-O Nc6 10. Be3 Qc7 11. f3 b5 12. Nxc6 Qxc6 13. Qf2 b4 14. Ne2 e5 15.
Ng3 Be6 16. Kb1 Qa4 17. b3 Qc6 18. Nf5 Bf8 19. g4 d5 20. g5 Nd7 21. exd5 Bxd5
22. Be2 g6 23. Ng3 Nc5 24. Rxd5 Qxd5 25. Rd1 Qc6 26. Bc4 Rc8 27. f4 Be7 28.
fxe5 O-O 29. h5 Ne4 30. Nxe4 Qxe4 31. hxg6 Qxg6 32. Bd3 Qh5 33. Be2 Qg6 34. Bg4
Bxg5 35. Bxc8 Rxc8 36. Bxg5 Kf8 37. Rd8+ Rxd8 38. Bxd8 Qg4 39. Qc5+ Kg8 40. Bf6
h5 41. Qe3 Kh7 42. Qd3+ Kh6 43. Qd8 h4 44. Qh8+ Kg6 45. Qxh4 1-0

[Event "2. Open Sub 2200 Rutas de Cuenca 2015"]
[Site "Cuenca ESP"]
[Date "2015.06.20"]
[Round "4.14"]
[White "Villar, Juan"]
[Black "Navarro Cabrera, Carlos"]
[Result "0-1"]
[WhiteElo "1985"]
[BlackElo "1810"]
[PlyCount "102"]
[EventDate "2015.06.19"]
[EventType "swiss"]
[EventRounds "7"]
[EventCountry "ESP"]
[Source "lmi"]
[SourceDate "2015.06.19"]

1. d4 Nf6 2. c4 c5 3. d5 b5 4. cxb5 a6 5. Nc3 axb5 6. e4 b4 7. Nb5 d6 8. Bf4
Qa5 9. Bd3 g6 10. Nf3 Ba6 11. Qe2 Nbd7 12. Nd2 Nh5 13. g3 Nxf4 14. gxf4 Bxb5
15. Bxb5 Qc7 16. e5 Kd8 17. Nc4 Bg7 18. Bxd7 Kxd7 19. e6+ fxe6 20. Qxe6+ Kd8
21. Qf7 Bf6 22. O-O Qd7 23. a4 bxa3 24. Rxa3 Rxa3 25. bxa3 Qg4+ 26. Kh1 Qxf4
27. Ne3 Bg5 28. Qxf4 Bxf4 29. Nc4 Kc7 30. Re1 Bg5 31. a4 Rf8 32. Re2 Rf4 33.
Rc2 Rd4 34. a5 Rxd5 35. Ra2 Rd1+ 36. Kg2 Kb7 37. a6+ Ka7 38. Nb6 Rb1 39. Nc8+
Ka8 40. a7 c4 41. Kf3 c3 42. Ke4 Rb2 43. Ra1 c2 44. f4 Rb1 45. Nb6+ Rxb6 46.
Rc1 Rb4+ 47. Kd5 Rxf4 48. Rxc2 Kxa7 49. Kc6 Rf5 50. Ra2+ Kb8 51. Rb2+ Kc8 0-1

[Event "2. Open Sub 2200 Rutas de Cuenca 2015"]
[Site "Cuenca ESP"]
[Date "2015.06.20"]
[Round "4.15"]
[White "Martinez Anton, Felix"]
[Black "Pastor Jimenez, Daniel"]
[Result "0-1"]
[WhiteElo "1795"]
[BlackElo "1973"]
[PlyCount "98"]
[EventDate "2015.06.19"]
[EventType "swiss"]
[EventRounds "7"]
[EventCountry "ESP"]
[Source "lmi"]
[SourceDate "2015.06.19"]

1. e4 c5 2. Nf3 d6 3. d4 cxd4 4. Nxd4 Nf6 5. Nc3 a6 6. h3 e5 7. Nde2 h5 8. Bg5
Be6 9. Nd5 Bxd5 10. exd5 Qa5+ 11. Nc3 Ne4 12. Bd2 Nxd2 13. Qxd2 Nd7 14. Ne4
Qxd2+ 15. Kxd2 h4 16. Bd3 Be7 17. Rae1 f5 18. Nc3 Bg5+ 19. Kd1 O-O 20. Rhf1 e4
21. f4 Bf6 22. Be2 Rac8 23. Bh5 Nb6 24. Nxe4 fxe4 25. Bg4 Rc4 26. Be6+ Kh8 27.
f5 Bxb2 28. Rf4 Rd4+ 29. Ke2 e3 30. Kxe3 Nc4+ 31. Kf3 Rxf4+ 32. Kxf4 Bf6 33.
Re4 b5 34. g4 hxg3 35. Kxg3 Kh7 36. a4 Rb8 37. axb5 axb5 38. Bf7 Ne5 39. Be6 b4
40. Re3 Ra8 41. Kf4 Ra3 42. Ke4 Bg5 43. Rb3 Bd2 44. f6 gxf6 45. Kf5 Kg7 46. h4
Rxb3 47. cxb3 Nd3 48. Bd7 Nc5 49. Bc6 Nxb3 0-1

[Event "2. Open Sub 2200 Rutas de Cuenca 2015"]
[Site "Cuenca ESP"]
[Date "2015.06.20"]
[Round "5.1"]
[White "Aziz Ortego, Omar Luis"]
[Black "Prieto Aranguren, Alain"]
[Result "0-1"]
[WhiteElo "2121"]
[BlackElo "2167"]
[PlyCount "108"]
[EventDate "2015.06.19"]
[EventType "swiss"]
[EventRounds "7"]
[EventCountry "ESP"]
[Source "lmi"]
[SourceDate "2015.06.19"]

1. e4 c6 2. d3 d5 3. Nd2 dxe4 4. dxe4 e5 5. Ngf3 Bc5 6. Bc4 Nf6 7. O-O Qe7 8.
Qe2 b5 9. Bd3 Bg4 10. a4 bxa4 11. Rxa4 Nbd7 12. h3 Bh5 13. Re1 O-O 14. Nf1 Rfb8
15. Ng3 Nf8 16. Nf5 Qc7 17. g4 Bg6 18. N3h4 Ne6 19. c3 Nd7 20. b4 Bb6 21. Bc4
Ndf8 22. Qf3 Re8 23. Bd2 Rad8 24. Ra2 Nf4 25. Bxf4 exf4 26. Ng2 Ne6 27. h4 Qe5
28. Rae2 a5 29. Bxe6 fxe6 30. Nxf4 Bc7 31. Nxg6 Qh2+ 32. Kf1 exf5 33. exf5 Rxe2
34. Rxe2 Rd1+ 35. Re1 Rxe1+ 36. Kxe1 hxg6 37. fxg6 Qe5+ 38. Kf1 Qd5 39. Qh3 a4
40. g5 a3 41. Qc8+ Bd8 42. Ke2 a2 43. Qa8 Kf8 44. Ke3 Ke8 45. b5 Qc5+ 46. Ke4
Qc4+ 47. Kf5 cxb5 48. f4 Qd3+ 49. Kg4 Qd1+ 50. Kf5 a1=Q 51. Qe4+ Be7 52. h5
Qd7+ 53. Ke5 Qxc3+ 54. Qd4 Qcxd4# 0-1

[Event "2. Open Sub 2200 Rutas de Cuenca 2015"]
[Site "Cuenca ESP"]
[Date "2015.06.20"]
[Round "5.2"]
[White "Jimenez Almeida, Luis David"]
[Black "Roig Aguilar, Alejandro"]
[Result "0-1"]
[WhiteElo "2185"]
[BlackElo "2199"]
[PlyCount "74"]
[EventDate "2015.06.19"]
[EventType "swiss"]
[EventRounds "7"]
[EventCountry "ESP"]
[Source "lmi"]
[SourceDate "2015.06.19"]

1. d4 Nf6 2. Nf3 e6 3. Bg5 h6 4. Bxf6 Qxf6 5. e4 d6 6. Nc3 Qe7 7. h4 g6 8. Qd2
Bg7 9. O-O-O a6 10. g3 b5 11. Bh3 Nd7 12. h5 g5 13. Rde1 O-O 14. Nh2 c5 15. d5
Nb6 16. Nd1 Nc4 17. Qd3 a5 18. Ng4 a4 19. f4 a3 20. b3 Nb2 21. Qf3 exd5 22.
exd5 Bxg4 23. Qxg4 Qf6 24. fxg5 Qxg5+ 25. Qxg5 hxg5 26. Ne3 c4 27. Kd2 Be5 28.
Nf5 Ra7 29. h6 Rc7 30. Rc1 Re8 31. Rhe1 c3+ 32. Ke2 Bxg3+ 33. Kf1 Rxe1+ 34.
Rxe1 Bxe1 35. Kxe1 Nd3+ 36. Kf1 Nf4 37. Bg4 Nxd5 0-1

[Event "2. Open Sub 2200 Rutas de Cuenca 2015"]
[Site "Cuenca ESP"]
[Date "2015.06.20"]
[Round "5.3"]
[White "Serna Lara, Sergio"]
[Black "Sanchez Barbado, Carlos"]
[Result "0-1"]
[WhiteElo "2166"]
[BlackElo "2153"]
[PlyCount "36"]
[EventDate "2015.06.19"]
[EventType "swiss"]
[EventRounds "7"]
[EventCountry "ESP"]
[Source "lmi"]
[SourceDate "2015.06.19"]

1. d4 f5 2. g3 e6 3. Bg2 Nf6 4. Nd2 Nc6 5. Ngf3 Be7 6. b3 O-O 7. Bb2 d6 8. O-O
Qe8 9. Re1 Qg6 10. c4 Bd7 11. a3 Rae8 12. b4 a6 13. Qc2 Ne4 14. d5 Nd8 15. Nxe4
fxe4 16. Nd2 e3 17. Be4 exf2+ 18. Kg2 fxe1=N+ 0-1

[Event "2. Open Sub 2200 Rutas de Cuenca 2015"]
[Site "Cuenca ESP"]
[Date "2015.06.20"]
[Round "5.4"]
[White "Pastor Jimenez, Daniel"]
[Black "Monmeneu Chulia, Victor"]
[Result "1/2-1/2"]
[WhiteElo "1973"]
[BlackElo "2068"]
[PlyCount "77"]
[EventDate "2015.06.19"]
[EventType "swiss"]
[EventRounds "7"]
[EventCountry "ESP"]
[Source "lmi"]
[SourceDate "2015.06.19"]

1. e4 e5 2. Nf3 d6 3. c3 Nf6 4. Be2 Be7 5. O-O Nbd7 6. d3 c6 7. Re1 O-O 8. Nbd2
d5 9. Qc2 a5 10. Nf1 Qc7 11. Ng3 Re8 12. h3 dxe4 13. dxe4 Nc5 14. Nh2 Bf8 15.
Bg5 Be7 16. Rad1 Ne6 17. Be3 Bc5 18. Bxc5 Nxc5 19. Ng4 Nxg4 20. Bxg4 Bxg4 21.
hxg4 Rad8 22. Nf5 Rxd1 23. Rxd1 Rd8 24. Rxd8+ Qxd8 25. Ne3 b5 26. Kf1 Qd3+ 27.
Qxd3 Nxd3 28. Nd1 f6 29. Ke2 Nf4+ 30. Kf3 Kf7 31. g3 Ne6 32. Ke3 Ke7 33. b3 Kd6
34. Nb2 Nc5 35. f3 g6 36. Kd2 Ke6 37. Ke3 f5 38. gxf5+ gxf5 39. exf5+ 1/2-1/2

[Event "2. Open Sub 2200 Rutas de Cuenca 2015"]
[Site "Cuenca ESP"]
[Date "2015.06.20"]
[Round "5.5"]
[White "Garcia Gata, Jorge D"]
[Black "Vazquez Gonzalez, Jesus"]
[Result "1-0"]
[WhiteElo "2054"]
[BlackElo "1963"]
[PlyCount "77"]
[EventDate "2015.06.19"]
[EventType "swiss"]
[EventRounds "7"]
[EventCountry "ESP"]
[Source "lmi"]
[SourceDate "2015.06.19"]

1. d4 g6 2. c4 Bg7 3. Nc3 c5 4. d5 e5 5. e4 d6 6. Bd3 Ne7 7. Nge2 O-O 8. h4 h6
9. h5 g5 10. Ng3 f5 11. exf5 Nxf5 12. Nxf5 Bxf5 13. Bxf5 Rxf5 14. Qg4 Qd7 15.
Be3 Na6 16. a3 Raf8 17. Ne4 Qe7 18. O-O b6 19. Rfb1 Kh8 20. b4 R8f7 21. Ng3 Qd7
22. Nxf5 Rxf5 23. b5 Nc7 24. a4 Ne8 25. a5 Nf6 26. Qe2 g4 27. axb6 axb6 28.
Ra8+ Kh7 29. Rba1 Rxh5 30. Qc2+ e4 31. Bf4 Qf5 32. Bxd6 Ne8 33. Rxe8 Bxa1 34.
Qxe4 Bd4 35. Re7+ Kh8 36. Qxf5 Rxf5 37. Bg3 Rf6 38. Re4 h5 39. Rxd4 1-0